000 01034aam a2200337 i 4500
001 768714001
003 CO-MdFUSB
005 20251015153106.0
007 ta
008 251015t1990 -us |||| |||| 00| 0 spa d
020 _a0-8254-1894-1
040 _cCO-MdFUSB
041 0 _aspa
_heng
082 0 4 _223
_a251.02
_bW8732h
240 _aSermons outlines on the great themes of the Bible
245 1 0 _aBosquejos de sermones sobre grandes temas de la Biblia
_c/ recopilado por Charles R. Wood ; traducido por R. Mercedes De la Rosa
250 _aquinta edición
264 1 _bPortavoz,
_aGrand Rapids, MI.
_c[1990]
264 4 _c©1990
300 _a64 páginas
336 _atexto
_btxt
_2rdacontent
337 _2rdamedia
_asin mediación
_bn
338 _2rdacarrier
_avolumen
_bnc
563 _aRústico
650 7 _aSermones
_9283
653 _aBosquejos
700 _aWood, Charles R.,
_911991
_erecopilador
700 _aDe la Rosa, R. Mercedes.‏
_96185
_etraductor
942 _cBK
945 _aJTF-925
999 _c42791
_d42791